000 00513nam a2200169 i 4500
001 98006
003 ES-MaACL
005 20240417063039.0
007 t|
008 050721s1947 sp ||||1| spa d
100 1 _aMarquina, Eduardo,
_d1879-1946
_977043
245 1 3 _aEl galión y el milagro
_b: (folletín romántico en cinco capítulos) /
_cEduardo Marquina.
260 _aMadrid :
_bReus,
_c1947.
300 _a190 p. ;
_c18 cm.
852 _aES-MaACL
_jB-10518
_bR.23106
999 _c98006
_d98006